000 00324nam a2200133Ia 4500
008 240624s9999 xx 000 0 und d
041 _aeng
082 _a920 SOM
100 _aBY SOMIAH CG
245 _aHONEST ALWAYS STAND ALONE
260 _c2010
_aNew Delhi
_bNiyogi Books
300 _a271 : p. : cm. ; 20
365 _cRS
999 _c21072
_d21072